000 00359nam a2200121Ia 4500
005 20251222140026.0
008 251222s1900||||xx |||||||||||||| ||spa||
020 _a84-95042-12-6
082 _a249.2/E43
100 _a"Elorriaga, CarlosMolinero, Antonio César, eds."
245 0 _aBautismo y catecumenado en la tradición patrística y litúrgica
942 _cLIB
999 _c2806
_d2806